Kooperácia obchodných firiem v SR vo svetle zákona o ochrane hospodárskej súťaže diplomová práca

Saved in:
Bibliographic Details
Main Author: Kovančíková, Gabriela
Corporate Author: Obchodná fakulta EU. Katedra obchodného práva
Other Authors: Sabo, Mikuláš
Format: Book
Language:Slovak
Published: Bratislava 2014
Tags: Add Tag
No Tags, Be the first to tag this record!

MARC

LEADER 00000nbm a2200000 4500
001 0186270
005 20170201095931.4
041 0 |a slo 
044 |a SK 
245 1 0 |a Kooperácia obchodných firiem v SR vo svetle zákona o ochrane hospodárskej súťaže  |b diplomová práca  |c Gabriela Kovančíková ; školiteľ: Mikuláš Sabo 
264 1 |a Bratislava  |c 2014 
300 |a 68 s. 
100 1 |a Kovančíková, Gabriela 
700 1 |a Sabo, Mikuláš 
710 2 |a Obchodná fakulta EU. Katedra obchodného práva